Periklanan : suatu pengenalan
| Main Author: | Mohd. Hamdan Adnan |
|---|---|
| Published: |
Kuala Lumpur:
DBP,
1997.
|
| Subjects: |
| LEADER | 00573cam a2200169 7i4500 | ||
|---|---|---|---|
| 001 | 0000018202 | ||
| 005 | 20181026090000.0 | ||
| 020 | |a 983625627X (pbk.) | ||
| 020 | |a 9789836256270 (pbk.) | ||
| 090 | 0 | 0 | |a HF5821 |b .M53 1997 |
| 100 | 0 | |a Mohd. Hamdan Adnan | |
| 245 | 1 | 0 | |a Periklanan : |b suatu pengenalan |c Mohd. Hamdan Adnan. |
| 260 | |a Kuala Lumpur: |b DBP, |c 1997. | ||
| 300 | |a x, 171 p.; |c 25 cm. | ||
| 650 | 0 | 0 | |a Advertising -- |z Malaysia |
| 997 | |a Communication, Visual Art & Computing, Faculty |b Visual Art, Department | ||
| 999 | |a 0000019768 |b BOK |c OPEN SHELF |e 1st Floor, Bestari Jaya | ||


